00875nam a2200253 i 45000010005000000030009000050050017000140070003000310080041000340200018000750800022000930800015001151000030001302450072001602600034002323000029002664900028002955050053003236500035003768300036004118520037004479990015004849520122004996446ES-MaACL20250818075112.0t|891122s1985 sp |||| | spa d a84-376-0564-4 a323.272(4)"15/16" a940"15/16"1 aZagorin, Pérez.916262710aRevueltas y revoluciones en la Edad Moderna. n1 / cPerez Zagorin. aMadrid : bCátedra, c1985. a1 v. (325 p.) ; c21 cm.1 aHistoria. aSerie menor8 aContiene: 1 ; tMovimientos campesinos y urbanos14aRevoluciones-vHistoria9169010 aHistoria. aSerie menor9178513 aES-MaACLjL-13538 z- enc. rust. c6446d6446 00104070aATENEOMbATENEOMcDEPO2d2008-01-17eSCl0oL-13538p1006565r2023-02-23 00:00:00w2023-02-23yMONOGRAFIA